000
00305nam a22001337a 4500
041
_a
ENG
100
_a
Shah.V.L
245
_a
Limit State Theory And Design Of Reinforced Concrete
260
_a
Pune
_b
Structures .PUB
_c
2012
300
_a
762
650
_a
FS
700
_a
Karve .S.R
856
_u
FS (8)
999
_c
867
_d
867